000 00409nam a2200157Ia 4500
008 230917s9999||||xx |||||||||||||| ||und||
040 _e213225
_aMAIN
041 _aEnglish
082 _a301.440954 S73C
100 _aSarkar, Sumit, ed.
245 0 _aCaste in modern India. 2V
260 _aRanikhet
_bPermanent Black
_c2014
300 _ax, 532 p.
500 _a4390 06/12/2013 Main Budget
942 _cBK
999 _c34628
_d34628